La proteccin̤ jurisdiccional de los intereses de grupo

Detalles Bibliográficos
Autor principal: Bujosa Vadell, Lorenzo-Mateo
Formato: Desconocido
Lenguaje:español
Publicado: Barcelona : Jose Maria Bosch Editor, 1995
Materias:
Acceso en línea:Acceso restringido

MARC

LEADER 00000ny a22000003n 4500
005 2011052708138.0
008 960123s1995 sp s 000 spa d
017 |a B6521-1995 
020 |a 8476983212 
035 |a 1145 
040 |a UCM.DER  |d vLex 
040 |a UMA.RE  |d vLex 
080 |a 342.7:347.92(460) 
080 |a 342.7:347.92(460)(0.034) 
090 |c 329  |d 329 
100 1 |a Bujosa Vadell, Lorenzo-Mateo 
245 1 3 |a La proteccin̤ jurisdiccional de los intereses de grupo  |h [Recurso electrn̤ico]  |c Lorenzo-Mateo Bujosa Vadell 
256 |a Servicio en ln̕ea 
260 |a Barcelona :  |b Jose Maria Bosch Editor,  |c 1995 
300 |a 411 p. ;  |c 24 cm 
506 1 |a Contenido solo disponible en los productos indicados  |d vLex Global  |d vLex Global (Academic Edition, excluding Law Schools)  |d vLex Global (U.S. Academic Edition, Law Schools)  |d vLex Global (U.S. Academic Edition, excluding Law Schools)  |d vLex Global (Academic Edition, Law Schools) 
650 0 7 |a Proteccin̤ de los derechos fundamentales de la persona  |2 Tesauro vLex 
650 0 7 |a Administrativo  |2 Tesauro vLex 
650 0 7 |a Teora̕ General del Derecho  |2 Tesauro vLex 
740 0 |a vLex Libros (Servicios en ln̕ea) 
856 4 0 |u http://vlex.com/source/1145  |z Acceso restringido 
942 |c BOOK 
999 0 |a Civil rights  |b Barcelona